000 00439nam a2200181Ia 4500
008 180207s9999 xx 000 0 und d
020 _a9780439825955
050 _bL295 2005
100 _aLansky, Bruce.
245 _aIf I ran the school :
245 _bking of poetry /
245 _cBruce Lansky.
260 _aNew York :
260 _bScholastic,
260 _c2005
300 _a32 pages :
300 _bcolor illustration ;
999 _c355223
_d355223